Países 4 - Statistics

Estatísticas Gerais
  • Esse quiz foi jogado 47 vezes
  • A pontuação média é 10 de 15
Estatísticas das Respostas
Imagem Resposta % Correto
Estados Unidos
98%
Brasil
95%
China
93%
Chile
90%
Egito
90%
Reino Unido
88%
Canadá
83%
Irlanda
83%
Marrocos
51%
Bahrein
46%
Etiópia
46%
Malta
41%
Paquistão
37%
Sérvia
17%
Eswatini
5%
Nenhum quiz correspondente encontrado
Distribuição das Pontuações
Porcentagem de Pessoas com Cada Pontuação
Percentil de Números Respondidos
Sua Pontuação Histórica
Você não jogou esse quiz